[Event "Mazowiec-chT op"]
[Site "Mazowsze"]
[Date "2009.04.05"]
[Round "7"]
[White "Pukianiec, Emil"]
[Black "Miler, Piotr"]
[Result "1-0"]
[WhiteElo "1673"]
[BlackElo "1972"]
[PlyCount "149"]
[EventDate "2009.01.11"]
[EventType "team-tourn"]
[EventRounds "10"]
[EventCountry "POL"]
[SourceTitle "EXT 2013"]
[Source "ChessBase"]
[SourceDate "2012.11.22"]
[SourceVersion "1"]
[SourceVersionDate "2012.11.22"]
[SourceQuality "1"]

1. d4 f5 2. Nf3 Nf6 3. c4 e6 4. Nc3 c6 5. Bd2 d5 6. e3 Bd6 7. a3 0-0 8. Bd3 Ne4 9. 0-0 Bd7 10. b4 Be8 11. cxd5 exd5 12. Ne5 Qh4 13. f4 Rf6 14. Be1 Qh6 15. Be2 g5 16. Nxe4 fxe4 17. Ng4 Qg7 18. Nxf6+ Qxf6 19. Bg3 Qg7 20. Bh5 Bd7 21. Bg4 Be8 22. Be6+ Kh8 23. f5 Bxg3 24. f6 Bxh2+ 25. Kxh2 Qh6+ 26. Kg1 Bh5 27. g4 Bg6 28. f7 Na6 29. Qe2 Nc7 30. Bd7 Rf8 31. Be8 Nxe8 32. fxe8Q Rxe8 33. Qh2 Qxh2+ 34. Kxh2 Kg7 35. Kg3 h5 36. gxh5 Bxh5 37. Ra2 Bf3 38. Rh2 Kg6 39. Rb1 a6 40. a4 Rc8 41. Rc2 Rf8 42. b5 axb5 43. axb5 Bh5 44. Rf2 Ra8 45. bxc6 bxc6 46. Rc2 Ra3 47. Rxc6+ Kf5 48. Re1 Ra2 49. Rd6 Bf3 50. Rxd5+ Kg6 51. Rg1 Re2 52. Rc5 Rxe3 53. Kf2 Re2+ 54. Kg3 Rd2 55. Rc4 Kf5 56. Rc5+ Kf6 57. Rc6+ Ke7 58. Rc5 Kf6 59. Rc6+ Kg7 60. Rc5 Kg6 61. Rc6+ Kh5 62. Rc4 Rd3 63. Kf2 Ra3 64. Rc5 Ra2+ 65. Ke1 Ra1+ 66. Kf2 Ra2+ 67. Ke1 Bg2 68. d5 e3 69. d6 Ra1+ 70. Ke2 Rxg1 71. d7 Bf3+ 72. Kxf3 Rd1 73. Rc7 Kh4 74. d8Q Rxd8 75. Rh7# 1-0

[Event "Mazowiec-chT op"]
[Site "Mazowsze"]
[Date "2009.03.01"]
[Round "4"]
[White "Choroszej, Aleksander"]
[Black "Miler, Piotr"]
[Result "1-0"]
[WhiteElo "2067"]
[BlackElo "1972"]
[PlyCount "65"]
[EventDate "2009.01.11"]
[EventType "team-tourn"]
[EventRounds "10"]
[EventCountry "POL"]
[SourceTitle "EXT 2013"]
[Source "ChessBase"]
[SourceDate "2012.11.22"]
[SourceVersion "1"]
[SourceVersionDate "2012.11.22"]
[SourceQuality "1"]

1. d4 f5 2. g4 fxg4 3. h3 g3 4. fxg3 Nf6 5. Nf3 d5 6. Bg2 e6 7. 0-0 Bd6 8. Ne5 Nbd7 9. Bf4 0-0 10. Nd2 Nxe5 11. dxe5 Bc5+ 12. e3 Ne8 13. Nf3 Be7 14. Qd3 g5 15. Nxg5 Bxg5 16. Bxg5 Rxf1+ 17. Rxf1 Qxg5 18. Bxd5 Qd8 19. Qa3 Ng7 20. Be4 Bd7 21. Bxb7 Rb8 22. Qxa7 Bb5 23. Rf2 Qd1+ 24. Kg2 Rf8 25. Rxf8+ Kxf8 26. Qc5+ Kf7 27. Qxb5 Qxc2+ 28. Kg1 Nf5 29. Qd7+ Kf8 30. Qd8+ Kf7 31. Qf6+ Kg8 32. Qxe6+ Kf8 33. Qf6+ 1-0

[Event "Mazowiec-chT 0708"]
[Site "Poland"]
[Date "2008.01.20"]
[Round "7"]
[White "Marczukiewicz, Jerzy"]
[Black "Miler, Piotr"]
[Result "1-0"]
[WhiteElo "2000"]
[BlackElo "1978"]
[PlyCount "101"]
[EventDate "2007.10.14"]
[EventType "tourn"]
[EventRounds "10"]
[EventCountry "POL"]
[SourceTitle "EXT 2010"]
[Source "ChessBase"]
[SourceDate "2010.11.25"]
[SourceVersion "1"]
[SourceVersionDate "2010.11.25"]
[SourceQuality "1"]

1. Nf3 f5 2. c4 Nf6 3. g3 e6 4. Bg2 c6 5. 0-0 d5 6. b3 Bd6 7. Bb2 Nbd7 8. d3 Qe7 9. Nbd2 0-0 10. Qc2 e5 11. e4 fxe4 12. dxe4 d4 13. Ne1 Nc5 14. b4 Ne6 15. c5 Bc7 16. Nd3 g5 17. Nc4 Ng7 18. f4 gxf4 19. gxf4 exf4 20. Nxf4 Ng4 21. Nd6 Bxd6 22. Qc4+ Ne6 23. cxd6 Qxd6 24. e5 Qxe5 25. Rae1 Ne3 26. Nxe6 Bxe6 27. Rxf8+ Rxf8 28. Qxd4 Qxd4 29. Bxd4 Nc2 30. Rxe6 Nxd4 31. Re4 Nf3+ 32. Kh1 Nd2 33. Rg4+ Kf7 34. Rd4 Re8 35. Kg1 Nb1 36. b5 Nc3 37. Rd7+ Re7 38. bxc6 Rxd7 39. cxd7 Ke7 40. Bxb7 Kxd7 41. a3 Kc7 42. Ba6 h6 43. Kf2 Nb1 44. a4 Nc3 45. a5 Na4 46. Ke3 Nc5 47. Bc4 Nb7 48. a6 Nc5 49. Kf4 Kb6 50. Kf5 Nxa6 51. Kg6 1-0

[Event "Mazowiec-chT 0708"]
[Site "Poland"]
[Date "2007.12.02"]
[Round "4"]
[White "Kosny, Marek"]
[Black "Miler, Piotr"]
[Result "1-0"]
[WhiteElo "1987"]
[BlackElo "1978"]
[PlyCount "111"]
[EventDate "2007.10.14"]
[EventType "tourn"]
[EventRounds "10"]
[EventCountry "POL"]
[SourceTitle "EXT 2010"]
[Source "ChessBase"]
[SourceDate "2010.11.25"]
[SourceVersion "1"]
[SourceVersionDate "2010.11.25"]
[SourceQuality "1"]

1. Nf3 f5 2. d3 d5 3. g3 Nf6 4. Bg2 e6 5. 0-0 Bd6 6. c4 c6 7. Nc3 0-0 8. Bf4 Bxf4 9. gxf4 d4 10. Na4 Qd6 11. Qc1 c5 12. b4 cxb4 13. c5 Qd7 14. Nb2 Nc6 15. Qc4 Kh8 16. Ne5 Nxe5 17. fxe5 Ng4 18. c6 Qe7 19. Qxd4 Rd8 20. Qf4 bxc6 21. Bxc6 Rb8 22. Bf3 g5 23. Qg3 Nh6 24. Nc4 f4 25. Qh3 Qg7 26. Bg4 Nf7 27. Bf3 Nxe5 28. Nxe5 Qxe5 29. Be4 Rd7 30. Rac1 Bb7 31. Rc4 g4 32. Qh6 a5 33. Bxb7 Rdxb7 34. Rxf4 Rg7 35. Re4 Qb2 36. Qxe6 a4 37. Qd6 Rgg8 38. d4 Rbf8 39. Re7 Rg7 40. Qe5 Rfg8 41. Rb7 b3 42. axb3 axb3 43. Rd1 Qc2 44. Rd3 b2 45. Rdb3 Qc1+ 46. Kg2 Qc6+ 47. d5 Qh6 48. Rxb2 Qh3+ 49. Kg1 g3 50. hxg3 h6 51. Rxg7 Rxg7 52. Rb7 Qg4 53. Qxg7+ Qxg7 54. Rxg7 Kxg7 55. e4 Kf6 56. f4 1-0

[Event "Mazowieckie-chT 0506"]
[Site "Poland"]
[Date "2005.12.11"]
[Round "6"]
[White "Mietek, Lukasz"]
[Black "Miler, Piotr"]
[Result "0-1"]
[WhiteElo "2016"]
[BlackElo "2000"]
[PlyCount "70"]
[EventDate "2005.10.09"]
[EventType "team-tourn"]
[EventRounds "9"]
[EventCountry "POL"]
[SourceTitle "EXT 2019"]
[Source "ChessBase"]
[SourceDate "2018.10.10"]
[SourceVersion "1"]
[SourceVersionDate "2018.10.10"]
[SourceQuality "1"]

1. d4 Nf6 2. Nf3 e6 3. c4 b6 4. e3 Bb7 5. Be2 Bb4+ 6. Bd2 Bxd2+ 7. Nbxd2 0-0 8. 0-0 c5 9. dxc5 bxc5 10. Qb3 Qb6 11. Qc3 Nc6 12. Rfd1 Rfd8 13. a3 a5 14. Rac1 Ne7 15. Ne5 d6 16. Ng4 Ne4 17. Nxe4 Bxe4 18. f3 Bc6 19. e4 Ba4 20. Rd3 Rab8 21. Bd1 Be8 22. b3 Nc6 23. Qd2 Ne5 24. Nxe5 dxe5 25. Rxd8 Rxd8 26. Qc3 Rd4 27. Bc2 Qd8 28. b4 axb4 29. axb4 cxb4 30. Qxb4 Rd2 31. Ba4 Qg5 32. Qxd2 Qxd2 33. Rd1 Qe3+ 34. Kh1 Kf8 35. Re1 Qxe1# 0-1